Peranan qarinah di dalam Undang-Undang Keterangan Islam dan hubungannya dengan Undang-Undang Keterangan Mahkamah Syariah (Wilayah Persekutuan) /
Saved in:
| Main Author: | |
|---|---|
| Format: | Thesis |
| Language: | English |
| Published: |
Petaling Jaya
: Universiti Islam Antarabangsa Malaysia,
1989
|
| Subjects: | |
| Online Access: | http://studentrepo.iium.edu.my/handle/123456789/1752 |
| Tags: |
Add Tag
No Tags, Be the first to tag this record!
|
| LEADER | 016150000a22003370004500 | ||
|---|---|---|---|
| 001 | 61476 | ||
| 005 | 20090930095000.0 | ||
| 008 | 930121s1989 eng | ||
| 035 | |a 232131 | ||
| 035 | |a (Sirsi) 61476 | ||
| 040 | |a UIAM |b eng | ||
| 049 | |b m | ||
| 050 | |a BP158.3A21 | ||
| 100 | 0 | |a Aziz Mohamad | |
| 245 | 1 | 0 | |a Peranan qarinah di dalam Undang-Undang Keterangan Islam dan hubungannya dengan Undang-Undang Keterangan Mahkamah Syariah (Wilayah Persekutuan) / |c oleh Aziz bin Hj. Mohamad |
| 260 | 1 | |a Petaling Jaya |b : Universiti Islam Antarabangsa Malaysia, |c 1989 | |
| 300 | |a 108 p. | ||
| 502 | |a (D.A.I.J.)--Universiti Islam Antarabangsa Malaysia, 1989 | ||
| 504 | |a Includes bibliographical references. | ||
| 596 | |a 1 | ||
| 650 | 0 | |a Evidence (Islamic law) | |
| 655 | 0 | 7 | |a Theses, IIUM local |
| 690 | 0 | |a Dissertations, Academic |x Kulliyyah of Laws |z IIUM | |
| 710 | 1 | |a Wilayah Persekutuan |e Mahkamah Syariah | |
| 710 | 2 | |a International Islamic University Malaysia. |b Kulliyyah of Laws | |
| 856 | 4 | |u http://studentrepo.iium.edu.my/handle/123456789/1752 | |
| 900 | |a arr-imj-bal160993-rmb | ||
| 999 | |c 429985 |d 461476 | ||
| 952 | |0 0 |6 LU T BP158.3A21A995P 1989 |7 0 |8 THESES |9 748964 |a IIUM |b IIUM |c CLOSEACCES |g 0.00 |o lu t BP158.3A21A995P 1989 |p 00000094535 |r 2017-10-24 |t 1 |v 0.00 |y THESIS | ||
| 952 | |0 0 |6 T BP158.3A21A995P 1989 |7 0 |8 THESES |9 748965 |a IIUM |b IIUM |c MULTIMEDIA |g 0.00 |o t BP158.3A21A995P 1989 |p 00010981886 |r 2017-10-17 |t 1 |v 0.00 |y THESIS | ||
| 952 | |0 0 |6 TS CDF BP158.3A21A995P 1989 |7 0 |8 THESES |9 786679 |a IIUM |b IIUM |c MULTIMEDIA |g 0.00 |o ts cdf BP158.3A21A995P 1989 |p 11100325456 |r 2017-10-26 |t 1 |v 0.00 |y THESISDIG | ||
